Commandes linux - Statistiques

Statistiques générales
  • Ce quiz a été pris 26 fois
  • Le résultat moyen est 11 sur 15
Statistiques - réponses
Utilité Commande % Correct
Lister le contenu du répertoire ls
100%
Changer de répertoire cd
95%
Copier des fichiers et des répertoires cp
90%
Supprimer des fichiers et des répertoires rm
90%
Créer des répertoires dans le shell mkdir
85%
Déplacer ou renommer des fichiers et des répertoires mv
85%
Permet d’agir en tant que super-utilisateur ou utilisateur root pendant l’exécution d’une commande spécifique sudo
80%
Envoie un signal TERM à un processus pour le terminer kill
75%
Afficher le répertoire de travail pwd
75%
Affiche un texte défini dans le terminal echo
70%
Affiche la page de manuel de n’importe quelle autre commande man
70%
Mettre fin à une session du shell exit
65%
Permet de récupérer du contenu sur Internet wget
60%
Recherche des fichiers dans une hiérarchie de répertoires find
55%
Extraire le contenu d’un fichier .zip à partir du terminal unzip
50%
Aucun quiz correspondant
Distribution des résultats
% des personnes avec chaque résultat
Percentile par nombre de réponses
Votre historique - résultats
Vous n’avez pas pris ce quiz